LEADER 03826nam 2200493 450 001 9910555187703321 005 20200110025144.5 010 $a1-118-74558-2 010 $a1-118-74569-8 010 $a1-118-74542-6 035 $a(CKB)4330000000006962 035 $a(MiAaPQ)EBC5510550 035 $a(CaSebORM)9781118745557 035 $a(EXLCZ)994330000000006962 100 $a20180929d2018 uy 0 101 0 $aeng 135 $aurcnu|||||||| 181 $ctxt$2rdacontent 182 $cc$2rdamedia 183 $acr$2rdacarrier 200 10$aSafety in design /$fC.M. van't Land 205 $aFirst edition. 210 1$aHoboken, NJ :$cJohn Wiley & Sons, Inc.,$d[2018] 210 4$d©2018 215 $a1 online resource (222 pages) 311 $a1-118-74555-8 320 $aIncludes bibliographical references and index. 330 $aExpert insight and guidance on integrating safety into design to significantly reduce risks to people, systems, property, and communities Safe design refers to the integration of hazard identification and risk assessment methods early in the design process so as to eliminate or minimize the risks of catastrophic failure throughout the life of a system, process, product, or service. This book provides engineers, designers, scientists and governmental officials with the knowledge and tools needed to seamlessly incorporate safety into the design of civil, industrial, and agricultural installations, as well as transportation systems, so as to minimize the risk of accidents and injuries. The methodology described in Safety in Design originates from the continuous safeguarding techniques first developed in the chemical industry and can successfully be applied to a range of industrial and civil settings. While the author focuses mainly on the aspects of safe design, he also addresses procedures which have a proven track record of preventing and alleviating the impacts of accidents with existing designs. He shares lessons learned from his nearly half-century of experience in the field and provides accounts of mishaps which could have been prevented, or significantly mitigated, based on data collected from approximately seventy incidents that have occurred in various countries. ?    Describes the application of safe design in an array of fields, including the chemical industry, transportation, farming, the building trade, and leisure ?    Reviews the history of intrinsic process safeguarding, which was first used in the chemical industry to minimize the risk of human error or instrumentation failure ?    Describes dozens of preventable incidents to illustrate the critical role safe design can play ?    Provides expert guidance and valuable tools for seamlessly weaving safety into every phase of the design process Safety in Design is an indispensable working resource for chemical, civil, mechanical, risk, and safety engineers, as well as professional R&D scientists, and process safety professionals. It is also a useful reference for insurers who deal with catastrophic loss potentials, and for government personnel who regulate or monitor industrial plants and procedures, traffic systems, and more. 606 $aNuclear reactors$xSafety measures 606 $aNuclear reactors$xDesign and construction 606 $aChemical engineering$xSafety measures 608 $aElectronic books. 615 0$aNuclear reactors$xSafety measures. 615 0$aNuclear reactors$xDesign and construction. 615 0$aChemical engineering$xSafety measures. 676 $a621.48/35 700 $aLand$b C. M. van't$f1937-$0919804 801 0$bMiAaPQ 801 1$bMiAaPQ 801 2$bMiAaPQ 906 $aBOOK 912 $a9910555187703321 996 $aSafety in design$92820740 997 $aUNINA LEADER 05217oam 22013214 450 001 9910955023403321 005 20250426110632.0 010 $a9786613824875 010 $a9781462317530 010 $a1462317537 010 $a9781452793542 010 $a1452793549 010 $a9781283512428 010 $a1283512424 010 $a9781451908206 010 $a1451908202 035 $a(CKB)3360000000443480 035 $a(EBL)3014416 035 $a(SSID)ssj0000941477 035 $a(PQKBManifestationID)11577295 035 $a(PQKBTitleCode)TC0000941477 035 $a(PQKBWorkID)10964263 035 $a(PQKB)10938836 035 $a(OCoLC)698585714 035 $a(IMF)WPIEE2006024 035 $a(MiAaPQ)EBC3014416 035 $a(IMF)WPIEA2006024 035 $aWPIEA2006024 035 $a(EXLCZ)993360000000443480 100 $a20020129d2006 uf 0 101 0 $aeng 135 $aur|n|---||||| 181 $ctxt 182 $cc 183 $acr 200 10$aImplications of Quasi-Fiscal Activities in Ghana /$fMali Chivakul, Robert York 205 $a1st ed. 210 1$aWashington, D.C. :$cInternational Monetary Fund,$d2006. 215 $a1 online resource (47 p.) 225 1 $aIMF Working Papers 300 $a"January 2006." 311 08$a9781451862843 311 08$a1451862849 320 $aIncludes bibliographical references. 327 $a""Contents""; ""I. INTRODUCTION""; ""II. FISCAL DEVELOPMENTS IN PERSPECTIVE""; ""III. CONCEPTUAL FRAMEWORK FOR QUANTIFYING QUASI-FISCAL ACTIVITIES""; ""IV. THE SCOPE AND COVERAGE OF QUASI-FISCAL ACTIVITIES""; ""V. QUASI- FISCAL ACTIVITIES AND THE FISCAL POSITION""; ""VI. POLICY IMPLICATIONS AND CONCLUSIONS""; ""REFERENCES""; ""Appendix I Alternative Approaches to Estimating Quasi-Fiscal Activities""; ""Appendix II Assumptions Underlying the Public Sector Debt Sustainability Analysis""; ""APPENDIX TABLES"" 330 3 $aThis paper assesses the scope and coverage of quasi-fiscal activities (QFAs) in Ghana. We find that while QFAs have been reduced recently, they remain significant. The extensive nature of these activities has several macroeconomic and structural policy implications. An extended measure of public sector operations, including QFAs, presents a clearer picture of Ghana's fiscal stance and fiscal adjustment from one for the central government alone; QFAs have led to serious distortions in energy and water consumption; and they have distorted the investment decisions of both public enterprises and the private sector. 410 0$aIMF Working Papers; Working Paper ;$vNo. 2006/024 606 $aFiscal policy$zGhana 606 $aFinance, Public$zGhana 606 $aGovernment business enterprises$zGhana 606 $aBanking$2imf 606 $aBanks and Banking$2imf 606 $aBanks and banking$2imf 606 $aBanks$2imf 606 $aCentral Banks and Their Policies$2imf 606 $aCivil service & public sector$2imf 606 $aContingent liabilities$2imf 606 $aDepository Institutions$2imf 606 $aFinance, Public$2imf 606 $aFiscal policy$2imf 606 $aGovernment business enterprises$2imf 606 $aMacroeconomics$2imf 606 $aMicro Finance Institutions$2imf 606 $aMortgages$2imf 606 $aNationalization$2imf 606 $aNonprofit Organizations and Public Enterprise: General$2imf 606 $aPublic Administration$2imf 606 $aPublic Enterprises$2imf 606 $aPublic enterprises$2imf 606 $aPublic finance & taxation$2imf 606 $aPublic Finance$2imf 606 $aPublic ownership$2imf 606 $aPublic Sector Accounting and Audits$2imf 606 $aPublic sector$2imf 606 $aPublic-Private Enterprises$2imf 606 $aQuasi-fiscal operations$2imf 607 $aGhana$2imf 615 0$aFiscal policy 615 0$aFinance, Public 615 0$aGovernment business enterprises 615 7$aBanking 615 7$aBanks and Banking 615 7$aBanks and banking 615 7$aBanks 615 7$aCentral Banks and Their Policies 615 7$aCivil service & public sector 615 7$aContingent liabilities 615 7$aDepository Institutions 615 7$aFinance, Public 615 7$aFiscal policy 615 7$aGovernment business enterprises 615 7$aMacroeconomics 615 7$aMicro Finance Institutions 615 7$aMortgages 615 7$aNationalization 615 7$aNonprofit Organizations and Public Enterprise: General 615 7$aPublic Administration 615 7$aPublic Enterprises 615 7$aPublic enterprises 615 7$aPublic finance & taxation 615 7$aPublic Finance 615 7$aPublic ownership 615 7$aPublic Sector Accounting and Audits 615 7$aPublic sector 615 7$aPublic-Private Enterprises 615 7$aQuasi-fiscal operations 700 $aChivakul$b Mali$01815685 701 $aYork$b Robert$01092056 801 0$bDcWaIMF 906 $aBOOK 912 $a9910955023403321 996 $aImplications of Quasi-Fiscal Activities in Ghana$94371150 997 $aUNINA